Statistiques concernant Les championnes féminines de SmackDown (post-draft de 2016)

Cliquez ici pour prendre le quiz!

Statistiques générales

  • Ce quiz a été pris 32 fois
  • Le résultat moyen est 20 sur 23

Statistiques - réponses

PPV/Show où le titre a été remportéSuperstar qui l'a remporté% Correct
Smackdown Live (26 mars 2019)Charlotte Flair
100%
Summerslam 2018Charlotte Flair
100%
Smackdown (22 octobre 2021)Charlotte Flair
100%
Hell in a Cell 2019Charlotte Flair
100%
Money in The Bank 2019Charlotte Flair
100%
Smackdown Live (14 novembre 2017)Charlotte Flair
100%
Summerslam 2021Becky Lynch
96%
Wrestlemania 35Becky Lynch
96%
Backlash 2016Becky Lynch
96%
Hell in a Cell 2018Becky Lynch
96%
Wrestlemania 37Bianca Belair
92%
Hell in a Cell 2020Sasha Banks
92%
Money in The Bank 2019Bayley
88%
Smackdown (11 octobre 2019)Bayley
88%
TLC 2018Asuka
85%
Wrestlemania 33Naomi
85%
Elimination Chamber 2017Naomi
85%
Smackdown Live (10 avril 2018)Carmella
81%
TLC 2016Alexa Bliss
77%
Smackdown Live (21 février 2017)Alexa Bliss
77%
Money In The Bank 2022Liv Morgan
77%
Summerslam 2017Natalya
69%
Wrestlemania Backlash 2022Ronda Rousey
65%

Distribution des résultats

Percentile par nombre de réponses

% des personnes avec chaque résultat

Votre développement - résultats

Vous n’avez pas pris ce quiz